000 00449ntaaa2200169 4500
003 01
005 20251027201553.0
008 0714s1973 ag 01
040 _aAR-BaBN
_bspa
_cAR-BaBN
_eaacr
_dRIC
082 _a230.0000 C91
100 _aCundy, Martyn H.
_914345
245 _aFaith of a Christian; an outline of Christian belief.
250 _a1 ed. :
_bInter-Varsity Fellowship,
_cc/947
300 _a112 p.
650 _aTeologĂ­a
942 _cBK
999 _c10300
_d10300